[Event "Cappelle Online Bullet op"]
[Site "Europe Echecs INT"]
[Date "2021.03.05"]
[Round "10"]
[White "Saba, Nathalie"]
[Black "Orieux, Etienne"]
[Result "0-1"]
[WhiteElo "1626"]
[BlackElo "1878"]
[PlyCount "82"]
[EventDate "2021.03.05"]
[EventType "swiss (blitz)"]
[EventRounds "15"]
[EventCountry "FRA"]
[SourceTitle "EXT 2022"]
[Source "ChessBase"]
[SourceDate "2021.10.06"]
[SourceVersion "1"]
[SourceVersionDate "2021.10.06"]
[SourceQuality "1"]

1. e4 e6 2. d4 d5 3. Nd2 Nf6 4. e5 Nfd7 5. Bd3 c5 6. c3 Nc6 7. Ne2 cxd4 8. cxd4 f6 9. Nf3 fxe5 10. dxe5 Ndxe5 11. Nxe5 Nxe5 12. Bc2 Bd6 13. 0-0 0-0 14. Ng3 Qh4 15. Be3 Ng4 16. h3 Nxf2 17. Bxf2 Bxg3 18. Bxg3 Rxf1+ 19. Qxf1 Qxg3 20. Qd3 Qxd3 21. Bxd3 Bd7 22. Re1 Rc8 23. Re2 g6 24. Kf2 Kf7 25. Bc2 Ke7 26. Bb3 Kd6 27. a3 e5 28. Bc2 d4 29. Be4 Bc6 30. Bd3 Re8 31. Bc4 e4 32. Rd2 e3+ 33. Ke2 exd2+ 34. Kxd2 Kc5 35. Bd3 Be4 36. Be2 d3 37. Bg4 Kd4 38. b4 Rf8 39. Ke1 Ke3 40. Be6 d2+ 41. Kd1 Rf1# 0-1

[Event "Cappelle Online Bullet op"]
[Site "Europe Echecs INT"]
[Date "2021.03.05"]
[Round "1"]
[White "Ternault, Mathieu"]
[Black "Saba, Nathalie"]
[Result "1-0"]
[WhiteElo "2324"]
[BlackElo "1626"]
[PlyCount "119"]
[EventDate "2021.03.05"]
[EventType "swiss (blitz)"]
[EventRounds "15"]
[EventCountry "FRA"]
[SourceTitle "EXT 2022"]
[Source "ChessBase"]
[SourceDate "2021.10.06"]
[SourceVersion "1"]
[SourceVersionDate "2021.10.06"]
[SourceQuality "1"]

1. b3 Nf6 2. Bb2 e6 3. Nf3 Be7 4. g3 0-0 5. Bg2 d5 6. 0-0 c6 7. d3 Nbd7 8. Nbd2 e5 9. e4 dxe4 10. dxe4 Re8 11. h3 Bf8 12. Qe2 a6 13. Nc4 Rb8 14. Rfd1 b5 15. Nd6 Qc7 16. Nxe8 Nxe8 17. Qe3 Nef6 18. g4 Bb7 19. Rd2 c5 20. Rad1 Nxe4 21. Re2 Nef6 22. Nd2 e4 23. g5 Nd5 24. Qg3 Re8 25. Nxe4 Qxg3 26. fxg3 Ne5 27. Bxe5 Rxe5 28. Rde1 f6 29. gxf6 Nxf6 30. Nxf6+ gxf6 31. Rxe5 fxe5 32. Bxb7 Bg7 33. Bd5+ Kf8 34. Be4 Ke7 35. Rf1 Kd6 36. g4 Bf6 37. Kg2 h6 38. Kf3 Bg5 39. Rd1+ Ke6 40. Rd5 Bf4 41. Rxc5 Kd6 42. Rc6+ Kd7 43. Rxa6 Kc7 44. Rg6 Kb8 45. h4 Ka7 46. g5 Kb8 47. Kg4 hxg5 48. hxg5 Kc7 49. Rg8 Kd7 50. g6 Ke7 51. Kf5 Kd7 52. Rg7+ Ke8 53. Rf7 Kd8 54. c4 bxc4 55. bxc4 Kc8 56. c5 Kb8 57. Ke6 Kc8 58. c6 Kd8 59. g7 Kc8 60. g8Q# 1-0

[Event "FRA-ch Blitz Online Qual"]
[Site "Europe Echecs INT"]
[Date "2020.05.16"]
[Round "5"]
[White "Popov, Konstantin"]
[Black "Saba, Nathalie"]
[Result "1-0"]
[WhiteElo "2366"]
[BlackElo "1626"]
[PlyCount "51"]
[EventDate "2020.05.16"]
[EventType "swiss (blitz)"]
[EventRounds "15"]
[EventCountry "FRA"]
[SourceTitle "CBM 196 Extra"]
[Source "ChessBase"]
[SourceDate "2020.07.31"]
[SourceVersion "1"]
[SourceVersionDate "2020.07.31"]
[SourceQuality "1"]

1. e4 c5 2. Nf3 Nc6 3. d4 cxd4 4. Nxd4 g6 5. c4 Bg7 6. Be3 d6 7. Nc3 Nf6 8. Be2 0-0 9. 0-0 Bd7 10. f3 a6 11. Qd2 Rb8 12. b3 Nxd4 13. Bxd4 b5 14. cxb5 axb5 15. b4 Be6 16. a3 Bc4 17. Bxc4 bxc4 18. Rfc1 e6 19. Rc2 d5 20. Rd1 Ra8 21. exd5 exd5 22. Bxf6 Bxf6 23. Nxd5 Rxa3 24. Rxc4 Bg7 25. Rc8 Qd7 26. Nf6+ 1-0

[Event "FRA-ch Blitz Online Qual"]
[Site "Europe Echecs INT"]
[Date "2020.05.16"]
[Round "13"]
[White "Saba, Nathalie"]
[Black "Maccagnan, Tomas"]
[Result "1-0"]
[WhiteElo "1626"]
[BlackElo "1968"]
[PlyCount "67"]
[EventDate "2020.05.16"]
[EventType "swiss (blitz)"]
[EventRounds "15"]
[EventCountry "FRA"]
[SourceTitle "CBM 196 Extra"]
[Source "ChessBase"]
[SourceDate "2020.07.31"]
[SourceVersion "1"]
[SourceVersionDate "2020.07.31"]
[SourceQuality "1"]

1. e4 e6 2. d4 d5 3. Nd2 Nf6 4. e5 Nfd7 5. Bd3 c5 6. c3 Nc6 7. Ne2 cxd4 8. cxd4 f6 9. exf6 Nxf6 10. 0-0 Bd6 11. Nf3 0-0 12. a3 Qc7 13. Ng3 Bd7 14. Bc2 Be8 15. Re1 Bf7 16. Ng5 Rae8 17. Nxf7 Rxf7 18. Bg5 Rff8 19. Qd3 g6 20. Rac1 Nh5 21. Nxh5 gxh5 22. g3 Qf7 23. Qe3 Qg7 24. Bh6 Qxd4 25. Bxf8 Kxf8 26. Qh6+ Qg7 27. Rxe6 Qxh6 28. Rxh6 Be5 29. Rxh7 Bxb2 30. Rb1 Bf6 31. Rbxb7 Nd4 32. Rhf7+ Kg8 33. Bh7+ Kh8 34. Rxf6 1-0